Buena nueva y sanación
Uloženo v:
| Hlavní autor: | |
|---|---|
| Médium: | Kniha |
| Jazyk: | španělština |
| Vydáno: |
Santiago
Secretariado de la Renovación en el Espiritu Santo
1955
|
| Vydání: | 1a. ed |
| Témata: | |
| Tagy: |
Přidat tag
Žádné tagy, Buďte první, kdo vytvoří štítek k tomuto záznamu!
|
MARC
| LEADER | 00000cam a2200000 a 4500 | ||
|---|---|---|---|
| 001 | UCD0655 | ||
| 003 | CL-VaPUC | ||
| 008 | 151204e19550000cl |||||||||||||||||spa|d | ||
| 082 | 0 | 4 | |a 248 |b BAR |2 21 |
| 100 | 0 | |a Barros, Germán |e author |9 583613 | |
| 245 | 1 | 0 | |a Buena nueva y sanación |
| 250 | |a 1a. ed | ||
| 300 | |a 228 p | ||
| 942 | |c BK | ||
| 945 | |d 20151204 12:43:00 |a gsalatino | ||
| 260 | |a Santiago |b Secretariado de la Renovación en el Espiritu Santo |c 1955 | ||
| 650 | 0 | |a Espiritualidad cristiana |9 537993 | |
| 650 | 7 | |a SANACION |2 CL-VaPUC |9 456102 | |
| 650 | 0 | |a Vida |9 266033 | |
| 650 | 7 | |a MEDITACION |2 CL-VaPUC |9 313094 | |
| 583 | |a last modification |c 20151204 12:43:00 |k Rodrigo Vera | ||
| 999 | |c 362118 |d 362116 | ||
| 952 | |0 0 |1 0 |3 erb |4 0 |6 248_000000000000000_BAR_1955 |7 0 |8 P |9 472995 |a BIBTEO |b BIBTES |c TEO_FTES |i 5272815 |o 248 BAR 1955 |p 5272815 |r 2024-01-18 |w 2019-11-24 |y BK |z Catalogado en:20151204 |k ICR | ||